Slovenská cesta transformácie ekonomiky a konvergencie s Európskou úniou

Guardado en:
Detalles Bibliográficos
Autor principal: Mihalik, Jozef
Formato: Libro
Lenguaje:eslovaco
Publicado: Bratislava Slovenská spoločnosť pre medzinárodné vzťahy a porozumenie 1998
Edición:2. dopln. a rozš. vyd.
Materias:
Etiquetas: Agregar Etiqueta
Sin Etiquetas, Sea el primero en etiquetar este registro!

MARC

LEADER 00000nam a2200000 4500
001 c110658
005 20221109094410.1
020 |a 80-968043-67 
041 0 |a slo 
044 |a SK 
245 1 0 |a Slovenská cesta transformácie ekonomiky a konvergencie s Európskou úniou  |c Jozef Mihalik 
250 |a 2. dopln. a rozš. vyd. 
264 1 |a Bratislava  |b Slovenská spoločnosť pre medzinárodné vzťahy a porozumenie  |c 1998 
300 |a 415 s. 
610 2 0 |a transformácia 
610 2 0 |a konvergencia 
610 2 0 |a Slovensko 
610 2 0 |a Európska únia 
610 2 0 |a situácia hospodárska 
610 2 0 |a rozvoj hospodársky 
610 2 0 |a vláda 
610 2 0 |a politika hospodárska 
610 2 0 |a SVE 
610 2 0 |a organizácie hospodárske 
100 1 |a Mihalik, Jozef